[Event "NCA-ch 2nd phase"]
[Site "Managua"]
[Date "2019.01.20"]
[Round "3"]
[White "Granados Diaz, Maria Esther"]
[Black "Villanueva Mena, Fhernando Ariel"]
[Result "1-0"]
[WhiteElo "1837"]
[BlackElo "1636"]
[PlyCount "69"]
[EventDate "2019.01.19"]
[EventType "swiss"]
[EventRounds "9"]
[EventCountry "NCA"]
[SourceTitle "CBM 189 Extra"]
[Source "ChessBase"]
[SourceDate "2019.06.03"]
[SourceVersion "1"]
[SourceVersionDate "2019.06.03"]
[SourceQuality "1"]

1. e4 e5 2. f4 Bc5 3. Nf3 d6 4. d4 exd4 5. Nxd4 Nf6 6. Nc3 Bg4 7. Qd3 0-0 8. h3 Bd7 9. Be3 Nc6 10. 0-0-0 a6 11. Kb1 Ba7 12. g4 b5 13. g5 Ne8 14. h4 Na5 15. h5 Nc4 16. Bc1 Bxd4 17. Qxd4 c5 18. Qg1 Nb6 19. g6 b4 20. gxh7+ Kxh7 21. h6 g6 22. Ne2 c4 23. Nd4 c3 24. Nf3 cxb2 25. Ng5+ Kh8 26. Bxb2+ f6 27. f5 gxf5 28. h7 Ng7 29. Nf3 Be8 30. e5 Na4 31. exf6 Rxf6 32. Qxg7+ Kxg7 33. h8Q+ Kf7 34. Rh7+ Ke6 35. Ng5# 1-0

[Event "NCA-ch 2nd phase"]
[Site "Managua"]
[Date "2019.01.19"]
[Round "1"]
[White "Avalos, Carlos"]
[Black "Villanueva Mena, Fhernando Ariel"]
[Result "1-0"]
[WhiteElo "1861"]
[BlackElo "1636"]
[PlyCount "71"]
[EventDate "2019.01.19"]
[EventType "swiss"]
[EventRounds "9"]
[EventCountry "NCA"]
[SourceTitle "CBM 189 Extra"]
[Source "ChessBase"]
[SourceDate "2019.06.03"]
[SourceVersion "1"]
[SourceVersionDate "2019.06.03"]
[SourceQuality "1"]

1. c4 Nf6 2. Nc3 e6 3. g3 d5 4. cxd5 exd5 5. Bg2 c6 6. d4 Nbd7 7. Nf3 Be7 8. a3 0-0 9. 0-0 Re8 10. Re1 Nf8 11. Qc2 Ng6 12. b4 Ne4 13. Nxe4 dxe4 14. Nd2 e3 15. fxe3 Bg5 16. Nf1 h5 17. Qd3 h4 18. e4 hxg3 19. hxg3 Re6 20. Bxg5 Qxg5 21. Qe3 Qb5 22. Rad1 Ne7 23. Qd3 Qg5 24. Rc1 b6 25. a4 Rh6 26. Qd2 Qh5 27. e3 Bg4 28. Rc2 f5 29. Rec1 fxe4 30. Bxe4 Rf8 31. Nh2 Nf5 32. Rxc6 Rxc6 33. Rxc6 Nxg3 34. Qg2 Ne2+ 35. Kh1 Qxh2+ 36. Kxh2 1-0

[Event "NCA-ch U20"]
[Site "Managua"]
[Date "2016.06.26"]
[Round "2"]
[White "Villanueva Mena, Fhernando Ariel"]
[Black "Sequeira Guadamuz, Jhoel"]
[Result "0-1"]
[WhiteElo "1210"]
[BlackElo "1662"]
[PlyCount "82"]
[EventDate "2016.06.25"]
[EventType "swiss"]
[EventRounds "9"]
[EventCountry "NCA"]
[SourceTitle "EXT 2018"]
[Source "ChessBase"]
[SourceDate "2017.10.13"]
[SourceVersion "1"]
[SourceVersionDate "2017.10.13"]
[SourceQuality "1"]

1. e4 c6 2. Nf3 d5 3. d3 dxe4 4. dxe4 Qxd1+ 5. Kxd1 Nf6 6. Nc3 Bg4 7. Bf4 e6 8. Be2 Bc5 9. Rf1 0-0 10. h3 Bh5 11. g4 Bg6 12. Bd3 Rd8 13. Ke2 b5 14. Rae1 Bb4 15. e5 Bxd3+ 16. cxd3 Nd5 17. Nxd5 cxd5 18. Rc1 Nd7 19. Rfd1 Rdc8 20. a3 Bc5 21. d4 Be7 22. g5 g6 23. Kf1 Nb6 24. Nh2 Na4 25. b4 Nc3 26. Rd2 a5 27. Rdc2 axb4 28. Bd2 Rxa3 29. Rb2 Rc4 30. Nf3 Ne4 31. Rxc4 Nxd2+ 32. Nxd2 bxc4 33. Rb1 c3 34. Nf3 c2 35. Rc1 Rxf3 36. Rxc2 Rc3 37. Rxc3 bxc3 38. Ke2 Bxg5 39. Kd1 f6 40. Kc2 Bd2 41. exf6 Kf7 0-1